| 000 | 00593cam a2200229Ma 4500 | ||
|---|---|---|---|
| 001 | 47106 | ||
| 005 | 20230410102149.0 | ||
| 008 | 050209s2004 dr 000 p spa d | ||
| 035 | _a(OCoLC)ocm61148340 | ||
| 040 |
_aYUS _cYUS |
||
| 035 | _a(OCoLC)61148340 | ||
| 050 | 1 | 4 |
_a118 PQ 7409 _bG216n 2004 |
| 100 | 1 | _aGarcía, Cheddy. | |
| 245 | 1 | 3 |
_aLa negrita Carida / _cCheddy García. |
| 250 | _a1. ed. | ||
| 260 |
_a[Santo Domingo : _bs.n., _c2004. |
||
| 300 |
_a104 p. : _bill. ; _c21 cm. |
||
| 650 | 0 | _aDecimas, Dominican. | |
| 942 |
_2lcc _cbk |
||
| 946 | _amjcruz | ||
| 994 |
_aC0 _bDRFGD |
||
| 999 |
_c20278 _d20278 |
||